000 00582nam a22001697a 4500
003 AUA.1
005 20251118131413.0
008 250714b |||||||| |||| 00| 0 eng d
040 _cJTL
100 _aOyola, Joseph A.
245 _aAn approach to mission to Muslims in Migori Central Seventh-day Adventist Church, Kenya /
_cJoseph A. Oyola.
260 _cc2025.
300 _ax, 76 leaves :
_bIllustrations :
_c30cm.
610 _aSeventh-day Adventist Church :
_bMigori Central
_zKenya
650 _aMissions to Muslim
942 _2aua
_cPROJECT
_hMA Miss
_i.O96 2025
999 _c25224
_d25224